000 00383nam a2200097Ia 4500
082 _a303.483|VAND
245 0 _aFrom technology transfer to intercultural development : understanding technology and development in a globalising world
100 _a Stoep, J. van der Bloemfontein [South Africa], 2011 1st ed
_964863
942 _cBK
008 210817s9999 xx 000 0 und d
999 _c206760
_d206759